Correlación de las precipitaciones de lluvia en las ciudades de San José y Alajuela
Gardado en:
| Autor Principal: | |
|---|---|
| Formato: | Desconocido |
| Publicado: |
[San José, Costa Rica]
1953
|
| Materias: | |
| Etiquetas: |
Engadir etiqueta
Sen Etiquetas, Sexa o primeiro en etiquetar este rexistro!
|
MARC
| LEADER | 00000 a2200000 4500 | ||
|---|---|---|---|
| 003 | 011002 | ||
| 005 | 20221231143802.0 | ||
| 008 | 140114s1953 c a m 000 ||s d | ||
| 040 | |c cru CEDI | ||
| 090 | |a TFG 063 | ||
| 100 | |a Dobles Viloria, Rodolfo |9 17106 | ||
| 245 | |a Correlación de las precipitaciones de lluvia en las ciudades de San José y Alajuela | ||
| 260 | |c 1953 |a [San José, Costa Rica] | ||
| 300 | |a 130 hojas : cuadros, 2 fotografías originales, gráficos (algunas plegables), plano (en bolsa adjunta) ; 29 cm | ||
| 500 | |a Tesis (Ingeniero Civil) Universidad de Costa Rica. | ||
| 650 | |x LLUVIA - COSTA RICA |9 17107 | ||
| 942 | |c TFG | ||
| 999 | |c 11938 |d 11938 | ||
